| 000 | 00435nam a2200145 a 4500 | ||
|---|---|---|---|
| 001 | 000047679 | ||
| 005 | 20201002060655.0 | ||
| 008 | 180717s2006 dr a 000 spa d | ||
| 040 |
_aDO-SdBNP _bspa _cBNPHU |
||
| 082 |
_axxx _bG943 |
||
| 245 | 0 |
_aGuía :. : _bcosta caribe República Dominicana. |
|
| 260 |
_aSanto Domingo : _bSecretaria de Estado de Turismo, _c2006. |
||
| 300 |
_a69 p. : _bil ; _c21 cm. |
||
| 590 | _aInventariado, 2018/DG | ||
| 999 |
_c47167 _d47167 |
||